LEADER 00970nam0-22003491i-450- 001 990005522750403321 005 20160520101945.0 035 $a000552275 035 $aFED01000552275 035 $a(Aleph)000552275FED01 035 $a000552275 100 $a19990604e19691963km-y0itay50------ba 101 0 $aita 102 $aIT 105 $ay-------001yy 200 1 $a<>lotta per la libertà religiosa$fRoland H. Bainton 205 $a2. ed. riveduta$fda Francesco Lazzari 210 $aBologna$cIl Mulino$d1969 215 $a281 p.$d23 cm 225 1 $aSaggi$v36 610 0 $aLibertà religiosa$aSec. 15.-17. 676 $a261.72$v21$zita 700 1$aBainton,$bRoland Herbert$0289992 702 1$aLazzari,$bFrancesco 801 0$aIT$bUNINA$gRICA$2UNIMARC 901 $aBK 912 $a990005522750403321 952 $aII EE 11$b356$fDCEC 952 $a261.72 BAI 1$bST.MED.MOD. 5744$fFLFBC 959 $aFLFBC 959 $aDCEC 997 $aUNINA LEADER 01620cam2-2200421---450- 001 990002140740203316 005 20161111120647.0 035 $a000214074 035 $aUSA01000214074 035 $a(ALEPH)000214074USA01 035 $a000214074 100 $a20041104d1960----km-y0itay50------ba 101 0 $aita 102 $aIT 105 $aaf||||||001yy 200 1 $a<> Banco dello Spirito Santo$edalle origini al 1664$fCarlo Di Somma 210 $aNapoli$c[s.n.]$d1960 (Napoli : L'arte tipografica) 215 $a96 p., [4] carte di tav.$cill.$d26 cm 225 2 $aBiblioteca degli Annali dell'Istituto di storia economica e sociale$fUniversità degli studi di Napoli$v2 410 0$1001000549953$12001$aBiblioteca degli Annali dell'Istituto di storia economica e sociale$fUniversità degli studi di Napoli$v, 2 606 0 $aBanco di Santo Spirito $xStoria$2BNCF 676 $a332.1094573 700 1$aDI SOMMA,$bCarlo$0176876 801 0$aIT$bsalbc$gISBD 912 $a990002140740203316 951 $aXXX.B. Coll. 202/ 2(Coll. NR 2)$b8432 E.C.$cXXX.B. Coll.$d392239 951 $aXXX.B. Coll. 202/ 2a(A 1 1 29)$b7237 CSSM$cXXX.B. Coll.$d392111 951 $aFC M 1435$bDLM$cFC M 959 $aBK 969 $aECO 979 $aSIAV7$b10$c20041104$lUSA01$h1316 979 $aDILAM1$b90$c20080806$lUSA01$h1110 979 $aCHIARA$b90$c20110301$lUSA01$h1439 979 $aANNAMARIA$b90$c20161107$lUSA01$h1012 979 $aANNAMARIA$b90$c20161111$lUSA01$h1034 979 $aANNAMARIA$b90$c20161111$lUSA01$h1206 996 $aBanco dello Spirito Santo$91392779 997 $aUNISA